Historia de la educación /
Guardado en:
| Autor Principal: | |
|---|---|
| Formato: | Libro |
| Publicado: |
España :
Editorial Universitaria Ramón Areces,
2009
|
| Materias: | |
| Etiquetas: |
Agregar Etiqueta
Sin Etiquetas, Sea el primero en etiquetar este registro!
|
| LEADER | 00813nam a22002055a 4500 | ||
|---|---|---|---|
| 001 | CEM.cems014556 | ||
| 008 | 130507s2009##################000#0#####d | ||
| 005 | 20210805145515.0 | ||
| 003 | CEMS | ||
| 245 | 1 | 0 | |a Historia de la educación / |c Olegario Negrín Fajardo y Javier Vergara Ciorda |
| 260 | |a España : |b Editorial Universitaria Ramón Areces, |c 2009 | ||
| 300 | |a 374 p. | ||
| 590 | |a 1277.015 | ||
| 505 | 0 | |a Primera parte: Grandes líneas en la historia del pensamiento pedagógico (antigüedad-siglo XVIII) -- Segunda Parte: Corrientes en el pensamiento pedagógico contemporáneo (Siglos XIX-XX).- | |
| 020 | |a 9788480049092 | ||
| 100 | 1 | |a Negrín Fajardo, Olegario | |
| 653 | |a Educación | ||
| 653 | |a Historia de la educación | ||
| 653 | |a Biblioteca TC | ||
| 859 | |a CEMS |b BIB. CEMS - 11 de abril |h TC |p 001277.015 |t Ej.1 | ||
